000 01041nam a2200265 4500
999 _c63643
_d63643
005 20240530110651.0
008 171213s2016 ua g b 000 0 ara d
017 _a25900
_bمصر. دار الكتب
020 _a9789773583422
040 _aEG-CaGPL
_cEG-CaGPL
082 0 4 _221
_a021.24 /
_bح أ
100 0 _aحسنى عبدالرحمن الشيمى
245 1 0 _aاخصائى مصادر التعلم او الامين وقيادة التغيير التعليمى /
_cحسنى عبدالرحمن الشيمى
250 _aط. 1
260 _aالقاهرة :
_bدار الفجر للنشر و التوزيع ،
_c2016.
300 _a273 ص. ؛
_c24 سم +
_eملاحق.
504 _aيشتمل على ارجاعات ببليوجرافية
650 0 7 _2qrmak
_aالمكتبات
650 0 7 _2qrmak
_aالمكتبات ( مهنة )
650 0 7 _2qrmak
_aالخدمة المكتبية
650 0 7 _2qrmak
_aالمكتبات
_xموظفون
651 _2qrmak
942 _2ddc
_cBK